000 00217nam a2200097Ia 4500
008 230508s1985 xx 000 0 und d
041 _aeng
100 _aRAO - SITTING
245 _aDRYDENS OF CH. TECH
260 _c1985
999 _c316362
_d316362